Library Banner

Hoffbrand's essential haematology / (Record no. 129798)

MARC details
000 -LEADER
fixed length control field 00705cam a22002418i 4500
001 - CONTROL NUMBER
control field 18620324
005 - DATE AND TIME OF LATEST TRANSACTION
control field 20230301120151.0
008 - FIXED-LENGTH DATA ELEMENTS--GENERAL INFORMATION
fixed length control field 150513s2016 enk 001 0 eng
020 ## - INTERNATIONAL STANDARD BOOK NUMBER
International Standard Book Number 9781118408674 (pbk.)
020 ## - INTERNATIONAL STANDARD BOOK NUMBER
International Standard Book Number 9781119495901 (pbk) [144528 to 144534, pages 416]
040 ## - CATALOGING SOURCE
Transcribing agency PK-LaUMT
082 00 - DEWEY DECIMAL CLASSIFICATION NUMBER
Classification number 616.15
Edition number 23
Item number HOF-H
100 1# - MAIN ENTRY--PERSONAL NAME
Personal name Hoffbrand, A. V.
245 10 - TITLE STATEMENT
Title Hoffbrand's essential haematology /
Statement of responsibility, etc by A. Victor Hoffbrand and David P. Steensma
250 ## - EDITION STATEMENT
Edition statement 8th ed.
260 ## - PUBLICATION, DISTRIBUTION, ETC. (IMPRINT)
Place of publication, distribution, etc Oxford :
Name of publisher, distributor, etc Wiley Blackwell,
Date of publication, distribution, etc 2020
300 ## - PHYSICAL DESCRIPTION
Extent 417 p. ;
Dimensions cm.
490 1# - SERIES STATEMENT
Series statement Essentials
500 ## - GENERAL NOTE
General note Includes index.
650 12 - SUBJECT ADDED ENTRY--TOPICAL TERM
Topical term or geographic name as entry element Hematologic Diseases.
700 1# - ADDED ENTRY--PERSONAL NAME
Personal name Moss, P. A. H.,
942 ## - ADDED ENTRY ELEMENTS (KOHA)
Koha item type Books
Holdings
Withdrawn status Lost status Damaged status Home library Current library Date acquired Full call number Barcode Date last seen Price effective from Koha item type Copy number
      UMT Health Sciences Campus UMT Health Sciences Campus 2022-12-15 616.15 HOF-H 144121 2025-03-14 2022-12-15 Books  
      UMT Health Sciences Campus UMT Health Sciences Campus 2022-12-15 616.15 HOF-H 144122 2024-12-23 2022-12-15 Books C.2
      UMT Health Sciences Campus UMT Health Sciences Campus 2022-12-15 616.15 HOF-H 144123 2025-01-30 2022-12-15 Books C.3
      UMT Health Sciences Campus UMT Health Sciences Campus 2023-03-01 616.15 HOF-H 144528 2025-03-03 2023-03-01 Books C.4
      UMT Health Sciences Campus UMT Health Sciences Campus 2023-03-01 616.15 HOF-H 144529 2025-03-05 2023-03-01 Books C.5
      UMT Health Sciences Campus UMT Health Sciences Campus 2023-03-01 616.15 HOF-H 144530 2024-11-25 2023-03-01 Books C.6
      UMT Health Sciences Campus UMT Health Sciences Campus 2023-03-01 616.15 HOF-H 144531 2024-12-16 2023-03-01 Books C.7
      UMT Health Sciences Campus UMT Health Sciences Campus 2023-03-01 616.15 HOF-H 144532 2025-12-22 2023-03-01 Books C.8
      UMT Health Sciences Campus UMT Health Sciences Campus 2023-03-01 616.15 HOF-H 144533 2025-03-07 2023-03-01 Books C.9
      UMT Health Sciences Campus UMT Health Sciences Campus 2023-03-01 616.15 HOF-H 144534 2024-12-09 2023-03-01 Books C.10